Normal view
MARC view
Entry Personal Name
001 - CONTROL NUMBER
- control field: 630678
003 - CONTROL NUMBER IDENTIFIER
- control field: OSt
005 - DATE AND TIME OF LATEST TRANSACTION
- control field: 20221005121500.0
008 - FIXED-LENGTH DATA ELEMENTS
- fixed length control field: 221005|| aca||aabn | a|a d
040 ## - CATALOGING SOURCE
- Original cataloging agency: OSt
- Transcribing agency: OSt
100 ## - HEADING--PERSONAL NAME
- Personal name: Johari
670 ## - SOURCE DATA FOUND
- Source citation: Work cat.: (OSt)1041283: Johari, Hindi ke Swachandvadi Upanayas, 1965
